000 00466nam a2200169Ia 4500
008 210716s2007 xx 000 0 und d
020 _a8131408132
041 _aeng
082 _a332.632 CHAT
100 _aChaudhuri, Tamal Datta.
245 _aManagement of npas: country experiences.
_bCountry experiences.
250 _a1
260 _aHyderabad
_bICFAI University Press
_c2007
300 _axi,238
650 _aFinance
700 _aChaudhuri, Tamal Datta.
999 _c202380
_d202380